| 000 | 00536nam a2200181Ia 4500 | ||
|---|---|---|---|
| 008 | 100917s9999 xx 000 0 und d | ||
| 082 | _b54941 | ||
| 100 | _aदांडेकर मालती | ||
| 245 | _aझ ास कोडी भा. 3 | ||
| 260 |
_bसरीता प्रकाशन _c1982 |
||
| 300 | _a66 | ||
| 365 | _b7 | ||
| 520 | _aबालविभाग | ||
| 630 | _aझ ास कोडी भा. 3 | ||
| 650 | _aबालविभाग | ||
| 730 | _aझ ास कोडी भा. 3 | ||
| 942 | _cBOOK | ||
| 999 |
_c660335 _d660332 |
||